000 00994nam a22002534a 4500
005 20050603170301.0
008 040811s2005 nju b 001 0 eng
010 _aENG-92460
020 _a9788190720339
_c250.00
035 _aEN-75993
037 _bDBAD / PUB
040 _adpl
_bEnglish
082 _a005.43
100 _aVelmurugan, R.
245 _aLinux /
_cby R. Velmurugan
260 _aChennai
_bAvvai Pathippagam
_c2007
300 _a256p.
_c21 cm (pbk)
500 _aIncludes bibliographical references
650 _aLinux
650 _aOperating systems (Computers)
942 _2ddc
_cEN
_mVEL
_h005.43
999 _c20850
_d20850